| 000 | 01314nam a2200301 a 4500 | ||
|---|---|---|---|
| 001 | ebr10254919 | ||
| 003 | CaPaEBR | ||
| 006 | m u | ||
| 007 | cr cn||||||||| | ||
| 008 | 090430s2007 enk sb 001 0 eng d | ||
| 020 | _z9781845111885 | ||
| 040 |
_aCaPaEBR _cCaPaEBR |
||
| 035 | _a(OCoLC)300481920 | ||
| 050 | 1 | 4 |
_aPN1992.2 _b.R48 2007eb |
| 245 | 0 | 0 |
_aRe-viewing television history _h[electronic resource] : _bcritical issues in television historiography / _cedited by Helen Wheatley. |
| 246 | 3 | _aReviewing television history | |
| 260 |
_aLondon : _bI.B. Tauris, _c2007. |
||
| 300 | _ax, 245 p. | ||
| 504 | _aIncludes bibliographical references and index. | ||
| 505 | 0 | 0 | _apt. 1. Debating the canon -- pt. 2. Textual histories -- pt. 3. Production and institutions -- pt. 4. Audiences. |
| 533 |
_aElectronic reproduction. _bPalo Alto, Calif. : _cebrary, _d2013. _nAvailable via World Wide Web. _nAccess may be limited to ebrary affiliated libraries. |
||
| 650 | 0 |
_aTelevision programs _xHistory. |
|
| 650 | 0 |
_aTelevision programs _xHistoriography. |
|
| 655 | 7 |
_aElectronic books. _2local |
|
| 700 | 1 |
_aWheatley, Helen _q(Helen M.) |
|
| 710 | 2 | _aebrary, Inc. | |
| 856 | 4 | 0 |
_uhttp://site.ebrary.com/lib/rucke/Doc?id=10254919 _zAn electronic book accessible through the World Wide Web; click to view |
| 999 |
_c14681 _d14681 |
||